| 000 | 00322nam a2200109 4500 | ||
|---|---|---|---|
| 999 |
_c9824 _d9824 |
||
| 008 | 180718b ||||| |||| 00| 0 eng d | ||
| 245 | _aRobots, new working ways to cost 5 M jobs by 2020- study. | ||
| 260 |
_aPhilippines _bThe Philippine Star _cc2016 |
||
| 300 | _apage E-2. | ||
| 650 | 0 |
_929072 _aTechnology. |
|
| 942 |
_2ddc _cPER |
||